000 00558nam a22001817a 4500
005 20231110164945.0
010 _aENG-135410
020 _a9788193401545
_c280.00
035 _aEN-118942
037 _bDBAD/PUB
082 _a954.0841
100 _aHabib, Irfan
_958561
245 _aThe National Movement:
_bOrigins and Early Phase, to 1918/
_cBy Irfan Habib
260 _aNew Delhi
_bTulika Books
_c2017
270 _a44 First Floor, Shahpur Jat
_bNew Delhi
_e110049
300 _aix, 121p.
_c25cm(hb)
942 _2ddc
_cEN
_mHAB
_h954.0841
999 _c193044
_d193044